| 000 | 00650nam a22001937a 4500 | ||
|---|---|---|---|
| 008 | 260227b |||||||| |||| 00| 0 eng d | ||
| 020 | _a0916134385 | ||
| 040 |
_aCUZ _beng _cCUZ _drda _eCUZ |
||
| 050 | _aBV210.2W7WRI | ||
| 100 | _aJohn H. Wright | ||
| 245 |
_aA theology of christian prayer _cby John H. Wright |
||
| 264 |
_aNew York _bPueblo publishing _c©1979 |
||
| 300 | _aextent xiii,174pages | ||
| 336 |
_atext _btxt |
||
| 337 |
_aunmediated _bn |
||
| 338 | _2rdacarrier | ||
| 650 |
_a Philosophy, Psychology and Religion _aPractical Theology _a Worship (Public and private |
||
| 942 |
_cOS _i210.2W7WRI _kBV |
||
| 999 |
_c45535 _d45535 |
||